000 02155nam0a2200385 4500
001 RU\NLR\bibl\1010531
005 20260405115608.0
010 _a5-89873-143-1
_9500
021 _aRU
_b2006-63391
_93163
035 _a(nilc)RSL-KNO-002958793
035 _a(NLR Aleph) 000998164
090 _a561625
_c561625
100 _a20061010d2005 |||y0rusy50 ca
101 0 _arus
102 _aRU
105 _aa |||||||||
106 _ar
200 1 _aСоздание конструкторской документации в системе КОМПАС
_eучеб. пособие по курсу "Инженерная и компьютерная графика"
_fЛ. А. Смирнова, Я. Д. Золотоносов
_gМ-во образования и науки Российской Федерации, Казанский гос. энергетический ун-т
210 _aКазань
_cКазанский гос. энергетический ун-т
_d2005
_eКазань
_gТип. КГЭУ
215 _a242 с.
_cил.
_d29
320 _aБиблиогр.: с. 242 (7 назв.)
606 1 _aКОМПАС-3D V6, система автоматизированного проектирования
_jУчебные издания для высших учебных заведений
_92351085
_3RU\NLR\auth\661404606
610 0 _aТехника и технические науки (в целом) -- Проектирование -- Проектно-конструкторская документация -- Автоматизация -- Учебник для высшей школы
686 _aЖ2-5-05я73-1
_2rubbk
686 _aЖ2-5-05я73-1
700 1 _4070
_7ca
_8rus
_aСмирнова
_bЛ. А.
_cканд. техн. наук
_gЛюбовь Александровна
_928884
_3RU\NLR\auth\7745949
701 1 _4070
_7ca
_8rus
_aЗолотоносов
_bЯ. Д.
_gЯков Давидович
_928881
_3RU\NLR\auth\7745946
801 0 _aRU
_bРКП
_c20061010
_grcr
801 1 _aRU
_bРГБ
_c20061010
801 2 _aRU
_bNLR
_c20061117
_grcr
830 _aАвт. по кн
942 _cBOOK
980 _aNB
980 _aNBR